000 nam a22 7a 4500
999 _c126363
_d126363
008 170407b xxu||||| |||| 00| 0 eng d
050 _aB945.H6 M6
100 _aHocking, William Ernest
_929700
245 _aMorale and its enemies
_cWilliam, Ernest, Hocking
260 _aNew Haven
_bYale university
_c1918
300 _axi,200p.;
_c24cm.
650 _aMorale
_929701
942 _2lcc
_cMONOGRAPH